Top 10 Most Powerful Countries - Statistics

General Stats
  • This quiz has been taken 161 times
  • The average score is 9 of 10
Answer Stats
GPI Country % Correct
363.5 China
99%
295 Russia
99%
1099.6 United States of America
99%
404.9 United Kingdom
96%
321.3 France
95%
400.5 Germany
95%
257.7 Japan
94%
205.4 Canada
83%
176 Italy
83%
231.2 Netherlands
34%
No matching quizzes found
Score Distribution
Percent of People with Each Score
Percentile by Number Answered
Your Score History
You have not taken this quiz